LEADER 00985cam0-22003251i-4500 001 990005867620403321 005 20170213163654.0 010 $a84-7956-015-0 035 $a000586762 035 $aFED01000586762 035 $a(Aleph)000586762FED01 035 $a000586762 100 $a20000301d1996----km-y0itay50------ba 101 0 $aspa 102 $aES 105 $ay-------001yy 200 1 $aEstudios de poesia translingüe$eversos italianos de poetas españoles desde la edad media hasta el Siglo de Oro$fElvezio Canonica 210 $aZaragoza$cLibros Portico$d1996 215 $a251 p.$d21 cm 225 1 $aIspanica elvetica$v9 610 0 $aPoesia spagnola$aSec.13.-17. 676 $a861.009$v22$zita 700 1$aCanonica,$bElvezio$0163033 801 0$aIT$bUNINA$gRICA$2UNIMARC 901 $aBK 912 $a990005867620403321 952 $a861.009 CAN 1$bBibl.29281$fFLFBC 959 $aFLFBC 996 $aEstudios de poesia translingüe$9564494 997 $aUNINA